000 00388nam a2200157Ia 4500
008 230711s9999||||xx |||||||||||||| ||und||
041 _aENG
082 _a620
_bHI-E
100 _aHibbeler,R C
245 0 _aEngineering mechanics - dynamics
250 _a5th Ed.
260 _c1990
_aNew Delhi
_bMc Millan Publications
300 _a552
650 _aMechanical Engineering
942 _cBK
999 _c1893
_d1893